| 000 | 00750cam a2200241 4500 | ||
|---|---|---|---|
| 001 | M92234 | ||
| 008 | 090401t1998 xxu||||| |||| 00| 0 eng d | ||
| 035 | _a(Sirsi) u86747 | ||
| 041 | _aeng | ||
| 050 | _a658.2 | ||
| 110 |
_aRoyal Institution of Chartered Surveyors _94900 |
||
| 245 | _aFacilities management : fitting all the pieces in a changing world. | ||
| 260 |
_aLondon _bRICS _c1998 |
||
| 300 | _a6p. ; 30cm. | ||
| 350 | _a0 | ||
| 520 | _aPublicity brochure. Produced in association with the Facilities Management Forum. | ||
| 650 | _aABOUT RICS-RICS MEMBERS | ||
| 650 | _aFACILITIES MANAGEMENT FORUM | ||
| 650 |
_aFACILITIES MANAGEMENT _96240 |
||
| 690 | _aOFFICE SERVICES AND ADMINISTRATION | ||
| 942 | _n0 | ||
| 948 | _c10/06/1998 | ||
| 999 |
_c97163 _d97163 |
||